Riconosci il Pokémon - Quiz n°87 - Statistics

Statistiche generali
  • Questo quiz è stato fatto 4 volte
  • Il punteggio medio è 10 su 10
Statistiche sulle risposte
Indizio Risposta % Corretto
Altezza 0,3 m
100%
Tasso di cattura 190 (35.2%)
100%
Sesso 50% ♂, 50% ♀
100%
Peso 5,4 kg
100%
Tipo Coleottero / Erba
100%
Stadio evoluzione Forma Base
100%
Tasso di allevamento Medio-Veloce
100%
Pokémon Paras
100%
Generazione Prima
100%
Abilità Spargispora; Pallearsa; Umidità
100%
Nessun quiz corrispondente trovato
Distribuzione punteggi
Percentuale di utenti per punteggio
Percentile per numero di risposta
I tuoi punteggi nel tempo
Non hai fatto questo quiz